01556cam a22003495a 4500001001000000003000400010005001700014008004100031015001900072016001800091020002500109020002200134040010500156082002500261100002200286245012500308260004100433300003300474500002500507500002600532504004100558520027800599650003400877650003900911650002900950651001000979653002200989655002401011942000801035999001701043952014601060015578856OSt20161023145924.0100611t2011 enka frb 001 0 eng d aGBB0735902bnb7 a0155788562Uk a9781856047432 (pbk.) a1856047431 (pbk.) aStDuBDSbengcStDuBDSdUkdMathematical principles of natural philosophy and his system of the world04a371.3344678bHER2221 aHerring, James E.10aImproving student's web use and information literacy :ba guide for teachers and teacher librarians /cJames E. Herring. aLondon :bFacet Publishing,cc.2011. axv, 143 p. :bill. ;c24 cm. aPrevious ed. : 2010. aIndex : p. [141]-143. aIncludes bibliographical references. aThe web is now an integral part of students' lives in school and in society, and they need to be ever more web alert in order to gain the most from their education. This is a practical guide to using the web effectively in order to enhance learning and teaching in schools. 0aInternet in education.2BUEsh 0aLibraries and the Internet.2BUEsh 0aSchool libraries.2BUEsh 2BUEsh bGGENcOctober2016 vReading book934232 2ddc c22801d22773 00102ddc40708BaccahaMAINbMAINc1STd2016-10-23ePurchaseg960.00l2m5o371.3344678 HERp000034430r2025-07-15 00:00:00s2018-09-22yBB